00230 a2200097 4500245005100000100002300051650001500074005001700089084000900106999001700115 aA STREETCAR NAMED DESIRE AND OTHER PLAYShText aTENNESSEE WILLIAMS aliterature20191021095056.0 aNONE c11787d11787